Statistiques concernant 108 personnages Gardiens des cités perdues

Cliquez ici pour prendre le quiz!

Statistiques générales

  • Ce quiz a été pris 5 733 fois
  • Le résultat moyen est 54 sur 107

Statistiques - réponses

HintRéponse% Correct
1Sophie Foster
99%
4Biana Vacker
97%
3Fitz Vacker
97%
2Keefe Sencen
96%
11Dex Diznee
94%
7Alden Vacker
92%
17Edaline Ruewen
90%
18Grady Ruewen
90%
79Ro / Romhilda
90%
6Della Vacker
88%
58Conseillère Oralie
87%
46Mr. Forkle / Sir Astin / Magnat Leto
86%
27Tam Song
86%
5Alvar Vacker
85%
26Linh Song
83%
35Marella Redek
83%
13Lex Diznee
80%
14Bex Diznee
79%
12Rex Diznee
79%
59Conseiller Kenric
78%
25Lady Gisela
78%
30Wylie Endal
78%
19Jolie Ruewen
77%
15Juline Diznee / Blizzard
76%
52Conseiller Bronte
75%
76Sandor
75%
33Tiergan / Granite
74%
51Fintan Pyren
73%
37Stina Heks
73%
20Brant
70%
31Prentice Endal
70%
78Bo / Botros
69%
54Conseillère Alina
69%
24Lord Cassius
69%
21Amy Foster / Natalie Freeman
68%
57Conseiller Emery
67%
61Conseiller Terik
65%
92Silveny
63%
16Kesler Diznee
62%
34Maruca Endal
61%
86Calla
59%
49Vespéra
58%
75Grizel
57%
67Elwin
55%
80Flori
55%
44Brume
54%
47Livvy Sonden / Médoc
53%
102Ruy
52%
96Iggy
49%
68Jensi
49%
62Conseillère Zarina
48%
45Spectre
48%
56Conseillère Clarette
47%
32Cyrah Endal
47%
53Ombre
47%
83Roi Dimitar
46%
39Timkin Heks / Toison
46%
50Gethen
45%
94Luna
45%
95Felix
43%
63Conseiller Noland
42%
8Fallon Vacker
42%
69Lady Cadence
42%
65Conseillère Liora
41%
22Emma Foster / Kate Freeman
40%
38Vika Heks
40%
23William Foster / Connor Freeman
40%
28Mai Song
39%
55Conseiller Darek
38%
9Luzia Vacker
38%
64Conseillère Velia
37%
93Greyfell
37%
82Nubiti
37%
60Conseillère Ramira
35%
10Orem Vacker
35%
81Tarina
35%
36Caprise Redek
34%
29Quan Song
34%
48Quinlin Sonden
34%
72Lovise
32%
103Trix
31%
88Roi Enki
30%
73Woltzer
29%
74Brielle
28%
97Verdi
27%
71Lady Galvin
24%
100Mécano
24%
77Cadoc
23%
87Impératrice Pernille
22%
99Vertina
21%
43Jurek
17%
89Reine Hylda
16%
91Lur
15%
42Bora
14%
70Lady Zillah
14%
40Rohanna
13%
90Mitya
12%
41Wilda
12%
98Bulhorn
11%
104Brisa
10%
108Gildie
10%
105Juji
10%
106Ceri
9%
101Mr. Sweeney
9%
85Cadfel
8%
84Reine Gundula
7%
107Créno
6%

Distribution des résultats

Percentile par nombre de réponses

% des personnes avec chaque résultat

Votre développement - résultats

Vous n’avez pas pris ce quiz